000 00624nam a2200241 a 4500
001 nice12345678
003 IN_TiNIC
005 20260116012709.0
008 050524s0000 lona grp 000 0 eng
020 _a
_c100
082 0 0 _a235.2
_bSPE
100 _aSpence, James
245 _aScenes in the Life of St.Peter
_b Biography and an Exposition
260 _aLondon
_bReligious Tracts Society
_c0000
300 _a275p
500 _aincludes index and biblioraphy
505 2 _aAppendix
650 _aSaints-Christianity-St.Peter
700 1 _aSpence, James
902 _bSRS
942 _cBK
999 _c7995
_d7995